[Event "ESP-ch U18"]
[Site "Padron"]
[Date "2011.07.31"]
[Round "9"]
[White "Gomez Dieguez, David"]
[Black "Vila Gonzalez, Daniel"]
[Result "0-1"]
[WhiteElo "1968"]
[BlackElo "2104"]
[PlyCount "90"]
[EventDate "2011.07.25"]
[EventType "tourn"]
[EventRounds "9"]
[EventCountry "ESP"]
[SourceTitle "EXT 2012"]
[Source "ChessBase"]
[SourceDate "2011.11.24"]
[SourceVersion "1"]
[SourceVersionDate "2011.11.24"]
[SourceQuality "1"]

1. e4 c5 2. d4 cxd4 3. c3 Nf6 4. e5 Nd5 5. Qxd4 e6 6. Nf3 Nc6 7. Qe4 f5 8. exf6 Nxf6 9. Qh4 d5 10. Bd3 Bd6 11. Bg5 Qe7 12. Nbd2 Bd7 13. Bg6+ Kd8 14. Bc2 Kc7 15. 0-0-0 Rac8 16. Rhe1 h6 17. Bf4 g5 18. Bxd6+ Qxd6 19. Qg3 Qxg3 20. fxg3 Rce8 21. Ba4 Rhf8 22. Bxc6 bxc6 23. b4 Bc8 24. Ne5 Ba6 25. Re3 Nd7 26. Nb3 Nxe5 27. Rxe5 Kd6 28. Rde1 Rf2 29. Nc5 Bc8 30. R1e2 Rxe2 31. Rxe2 Rf8 32. Kd2 e5 33. Ke3 Bg4 34. Rd2 Rf1 35. a4 Rc1 36. Rf2 Rxc3+ 37. Kd2 Ra3 38. Rf6+ Ke7 39. Rxc6 e4 40. Rc7+ Kd6 41. Rf7 e3+ 42. Kc2 e2 43. Nb7+ Ke5 44. Re7+ Kf6 45. Re8 Ra1 0-1

[Event "ESP-ch U18"]
[Site "Padron"]
[Date "2011.07.26"]
[Round "3"]
[White "Cruz Lledo, Pablo"]
[Black "Vila Gonzalez, Daniel"]
[Result "1-0"]
[WhiteElo "2269"]
[BlackElo "2104"]
[PlyCount "87"]
[EventDate "2011.07.25"]
[EventType "tourn"]
[EventRounds "9"]
[EventCountry "ESP"]
[SourceTitle "EXT 2012"]
[Source "ChessBase"]
[SourceDate "2011.11.24"]
[SourceVersion "1"]
[SourceVersionDate "2011.11.24"]
[SourceQuality "1"]

1. d4 d5 2. c4 c6 3. Nf3 Nf6 4. Nc3 e6 5. Qb3 dxc4 6. Qxc4 b5 7. Qd3 Nbd7 8. Bg5 Bb7 9. e4 b4 10. Na4 Qa5 11. b3 c5 12. Bxf6 gxf6 13. d5 0-0-0 14. Nd2 Ne5 15. Qh3 Kb8 16. f4 Ng6 17. f5 Ne5 18. fxe6 fxe6 19. Qxe6 Bh6 20. 0-0-0 c4 21. Kb1 c3 22. Nc4 Nxc4 23. Bxc4 Bg5 24. h4 Rhe8 25. Qf5 Bd2 26. Bd3 Ba6 27. Qf1 Rc8 28. Kc2 Bxd3+ 29. Qxd3 Re5 30. Rhf1 Rce8 31. Rxf6 Rxe4 32. Ra6 Qc7 33. Qb5+ Qb7 34. Qxb7+ Kxb7 35. Nc5+ Kb8 36. Nxe4 Rxe4 37. Re6 Rxh4 38. Rf1 Rf4 39. Rxf4 Bxf4 40. Re8+ Kc7 41. Re7+ Kd6 42. Rxh7 Kxd5 43. Rxa7 Ke4 44. Ra4 1-0

[Event "ESP-ch U18"]
[Site "Linares"]
[Date "2010.08.01"]
[Round "9"]
[White "Martinez Ramirez, Erik"]
[Black "Vila Gonzalez, Daniel"]
[Result "1-0"]
[WhiteElo "2216"]
[BlackElo "2094"]
[PlyCount "113"]
[EventDate "2010.07.26"]
[EventType "swiss"]
[EventRounds "9"]
[EventCountry "ESP"]
[SourceTitle "CBM 137 Extra"]
[Source "ChessBase"]
[SourceDate "2010.09.01"]
[SourceVersion "1"]
[SourceVersionDate "2010.09.01"]
[SourceQuality "1"]

1. e4 c5 2. Nf3 Nc6 3. d4 cxd4 4. Nxd4 Nf6 5. Nc3 e5 6. Ndb5 d6 7. Bg5 a6 8. Na3 b5 9. Bxf6 gxf6 10. Nd5 f5 11. Bd3 Be6 12. 0-0 Bxd5 13. exd5 Ne7 14. Re1 Bg7 15. c3 0-0 16. Nc2 e4 17. Bf1 Re8 18. a4 bxa4 19. Na3 Rb8 20. Nc4 Rb5 21. Qxa4 Rxd5 22. Qxa6 Be5 23. Red1 Rxd1 24. Rxd1 Nc8 25. Qb5 f6 26. Ne3 Ne7 27. Bc4+ Kh8 28. Be6 f4 29. Ng4 Ng6 30. Nxe5 fxe5 31. Bf7 Rf8 32. Bxg6 hxg6 33. Qe2 e3 34. fxe3 Qb6 35. Qf2 Qxe3 36. Qxe3 fxe3 37. Re1 Rb8 38. b4 d5 39. Rxe3 d4 40. cxd4 exd4 41. Rb3 Kg7 42. b5 Rb6 43. Kf2 Kf6 44. Ke2 Ke5 45. Kd3 Kd5 46. Rb2 Kc5 47. h4 Kd5 48. g4 Rf6 49. b6 Rf3+ 50. Ke2 Rh3 51. Kf1 Rf3+ 52. Ke2 Rh3 53. Rb5+ Ke4 54. b7 d3+ 55. Kd2 Rh2+ 56. Kc3 Rc2+ 57. Kb3 1-0

[Event "ESP-ch U18"]
[Site "Linares"]
[Date "2010.07.31"]
[Round "8"]
[White "Vila Gonzalez, Daniel"]
[Black "Chueca Forcen, Alberto"]
[Result "0-1"]
[WhiteElo "2094"]
[BlackElo "2280"]
[PlyCount "98"]
[EventDate "2010.07.26"]
[EventType "swiss"]
[EventRounds "9"]
[EventCountry "ESP"]
[SourceTitle "CBM 137 Extra"]
[Source "ChessBase"]
[SourceDate "2010.09.01"]
[SourceVersion "1"]
[SourceVersionDate "2010.09.01"]
[SourceQuality "1"]

1. e4 Nf6 2. e5 Nd5 3. d4 d6 4. Nf3 Bg4 5. Be2 e6 6. 0-0 Bxf3 7. Bxf3 dxe5 8. dxe5 c6 9. c4 Ne7 10. b3 Ng6 11. Qxd8+ Kxd8 12. Bb2 Nd7 13. Re1 Bb4 14. Re3 Kc7 15. Bh5 Rad8 16. g3 a5 17. a3 Bc5 18. Re2 Be7 19. Bxg6 hxg6 20. Nd2 Nc5 21. Bc3 b6 22. Re3 Kb7 23. Rb1 Rd7 24. b4 axb4 25. axb4 Na4 26. Ne4 Nxc3 27. Rxc3 f5 28. exf6 gxf6 29. Rc2 Rd4 30. Nd2 Rhd8 31. Nf1 Rd1 32. Rcb2 e5 33. Kg2 f5 34. Rxd1 Rxd1 35. Ne3 Rd3 36. b5 Bc5 37. bxc6+ Kxc6 38. Nd5 Rd4 39. Rc2 b5 40. Ne3 b4 41. Kf3 Rd3 42. Ke2 e4 43. Nd5 b3 44. Rd2 Rxd2+ 45. Kxd2 Bxf2 46. Kc3 Kc5 47. Kxb3 Bg1 48. h4 Bf2 49. Nf4 Bxg3 0-1

[Event "ESP-ch U18"]
[Site "Linares"]
[Date "2010.07.26"]
[Round "2"]
[White "Vila Gonzalez, Daniel"]
[Black "Espinosa Aranda, Angel"]
[Result "1/2-1/2"]
[WhiteElo "2094"]
[BlackElo "2397"]
[PlyCount "57"]
[EventDate "2010.07.26"]
[EventType "swiss"]
[EventRounds "9"]
[EventCountry "ESP"]
[SourceTitle "CBM 137 Extra"]
[Source "ChessBase"]
[SourceDate "2010.09.01"]
[SourceVersion "1"]
[SourceVersionDate "2010.09.01"]
[SourceQuality "1"]

1. e4 c5 2. Nf3 Nc6 3. d4 cxd4 4. Nxd4 g6 5. Nc3 Bg7 6. Be3 Nf6 7. Bc4 0-0 8. Bb3 a5 9. a4 Ng4 10. Nxc6 Nxe3 11. Nxd8 Nxd1 12. Rxd1 Bxc3+ 13. bxc3 Rxd8 14. Rd4 Ra6 15. Kd2 Kf8 16. h4 h5 17. Rh3 d6 18. Rf3 e6 19. e5 Ke7 20. Bc4 Rb6 21. Bb5 Bd7 22. exd6+ Ke8 23. Bxd7+ Rxd7 24. Rfd3 Rc6 25. Ke3 f6 26. f4 Kf7 27. c4 b6 28. Ke4 Kg7 29. Ke3 1/2-1/2

[Event "Mondariz Balneario op 9th"]
[Site "Mondariz"]
[Date "2009.12.28"]
[Round "4"]
[White "Ferreira, Jorge Viterbo"]
[Black "Vila Gonzalez, Daniel"]
[Result "1-0"]
[WhiteElo "2273"]
[BlackElo "2052"]
[PlyCount "49"]
[EventDate "2009.12.26"]
[EventType "swiss"]
[EventRounds "7"]
[EventCountry "ESP"]
[SourceTitle "CBM 134 Extra"]
[Source "ChessBase"]
[SourceDate "2010.03.03"]
[SourceVersion "1"]
[SourceVersionDate "2010.03.03"]
[SourceQuality "1"]

1. d4 d5 2. c4 c6 3. Nf3 Nf6 4. e3 e6 5. Nbd2 Nbd7 6. Bd3 Bd6 7. 0-0 0-0 8. e4 dxe4 9. Nxe4 Nxe4 10. Bxe4 e5 11. dxe5 Nxe5 12. Nxe5 Bxe5 13. Bxh7+ Kxh7 14. Qh5+ Kg8 15. Qxe5 Be6 16. b3 Re8 17. Bb2 f6 18. Qg3 Kf7 19. f4 Qa5 20. f5 Bxf5 21. Qf4 g6 22. Qh4 Qc5+ 23. Kh1 Qd6 24. Rad1 Qe6 25. Qh7+ 1-0

[Event "ESP-ch U18"]
[Site "Padron"]
[Date "2008.07.31"]
[Round "7"]
[White "Arce Calva, Elvira"]
[Black "Vila Gonzalez, Daniel"]
[Result "1/2-1/2"]
[WhiteElo "1876"]
[BlackElo "2039"]
[PlyCount "58"]
[EventDate "2008.07.27"]
[EventType "swiss"]
[EventRounds "9"]
[EventCountry "ESP"]
[SourceTitle "CBM 125 Extra"]
[Source "ChessBase"]
[SourceDate "2008.09.01"]
[SourceVersion "1"]
[SourceVersionDate "2008.09.01"]
[SourceQuality "1"]

1. e4 c5 2. Nc3 Nc6 3. Nge2 Nf6 4. d3 g6 5. g3 d5 6. Bg2 dxe4 7. Nxe4 Nxe4 8. Bxe4 Bg7 9. Bg2 0-0 10. 0-0 Qc7 11. Nc3 Bf5 12. Ne4 b6 13. Bf4 Qd7 14. Qc1 Bh3 15. Re1 Bxg2 16. Kxg2 Nd4 17. c3 Ne6 18. Ng5 Nxf4+ 19. Qxf4 e5 20. Qc4 Rad8 21. Rad1 h6 22. Nf3 Rfe8 23. Re3 Qd5 24. Qxd5 Rxd5 25. Rde1 Red8 26. Nxe5 Bxe5 27. Rxe5 Rxd3 28. Re7 R8d7 29. R7e2 Kg7 1/2-1/2

[Event "ESP-ch U18"]
[Site "Padron"]
[Date "2008.07.27"]
[Round "1"]
[White "Mougan Gonzalez, Santiago"]
[Black "Vila Gonzalez, Daniel"]
[Result "0-1"]
[WhiteElo "1730"]
[BlackElo "2039"]
[PlyCount "78"]
[EventDate "2008.07.27"]
[EventType "swiss"]
[EventRounds "9"]
[EventCountry "ESP"]
[SourceTitle "CBM 125 Extra"]
[Source "ChessBase"]
[SourceDate "2008.09.01"]
[SourceVersion "1"]
[SourceVersionDate "2008.09.01"]
[SourceQuality "1"]

1. e4 c5 2. Nf3 Nc6 3. d4 cxd4 4. Nxd4 Nf6 5. Nc3 e5 6. Ndb5 d6 7. Bg5 a6 8. Na3 b5 9. Bxf6 gxf6 10. Nd5 f5 11. Bd3 Be6 12. Qh5 Rg8 13. g3 Rg5 14. Qd1 Bxd5 15. exd5 Ne7 16. c3 e4 17. h4 Rg6 18. Bf1 Bg7 19. Nc2 Rc8 20. h5 Rg5 21. Rc1 Rc5 22. Ne3 Qa8 23. c4 Bxb2 24. Rc2 Bf6 25. cxb5 Bc3+ 26. Rxc3 Rxc3 27. bxa6 Kf8 28. Bb5 Qc8 29. 0-0 Rxe3 30. fxe3 Rxg3+ 31. Kf2 f4 32. Qc1 Qh3 33. a7 Rf3+ 34. Ke2 Rxe3+ 35. Kd1 Qxh5+ 36. Kc2 Qxd5 37. Kb1 Qxb5+ 38. Ka1 Qe5+ 39. Qb2 Ra3 0-1

[Event "ESP-ch U16"]
[Site "Padron"]
[Date "2008.07.23"]
[Round "6"]
[White "Iglesias Gascon, David"]
[Black "Vila Gonzalez, Daniel"]
[Result "1-0"]
[WhiteElo "1904"]
[BlackElo "2039"]
[PlyCount "51"]
[EventDate "2008.07.20"]
[EventType "swiss"]
[EventRounds "9"]
[EventCountry "ESP"]
[SourceTitle "EXT 2010"]
[Source "ChessBase"]
[SourceDate "2010.11.25"]
[SourceVersion "1"]
[SourceVersionDate "2010.11.25"]
[SourceQuality "1"]

1. e4 c5 2. Nc3 Nc6 3. f4 g6 4. Nf3 Bg7 5. Bc4 e6 6. f5 Nge7 7. fxe6 dxe6 8. 0-0 0-0 9. d3 Na5 10. Bb3 Nxb3 11. axb3 Nc6 12. Bf4 e5 13. Be3 Nd4 14. h3 b6 15. Qd2 f6 16. Rf2 Be6 17. Raf1 Qd7 18. Bh6 Rf7 19. Bxg7 Kxg7 20. Ne2 Raf8 21. Ng3 Qc7 22. Nh4 h6 23. Qe3 f5 24. exf5 Nxf5 25. Ngxf5+ Bxf5 26. Qg3 1-0

[Event "ESP-ch U16"]
[Site "Padron"]
[Date "2008.07.22"]
[Round "5"]
[White "Vila Gonzalez, Daniel"]
[Black "Eguia Cambero, Ignacio Javier"]
[Result "1/2-1/2"]
[WhiteElo "2039"]
[BlackElo "1915"]
[PlyCount "84"]
[EventDate "2008.07.20"]
[EventType "swiss"]
[EventRounds "9"]
[EventCountry "ESP"]
[SourceTitle "EXT 2010"]
[Source "ChessBase"]
[SourceDate "2010.11.25"]
[SourceVersion "1"]
[SourceVersionDate "2010.11.25"]
[SourceQuality "1"]

1. e4 c5 2. Nf3 Nc6 3. d4 cxd4 4. Nxd4 g6 5. Nc3 Bg7 6. Nb3 Nf6 7. g4 h6 8. Be2 d6 9. Be3 Bd7 10. f3 Ne5 11. Nd5 Nxd5 12. exd5 g5 13. h4 gxh4 14. f4 Ng6 15. c3 Bf6 16. Qd2 Rg8 17. 0-0-0 Qc7 18. Bd4 Bxd4 19. Qxd4 Qb6 20. f5 Ne5 21. Rxh4 0-0-0 22. Rxh6 Qxd4 23. Rxd4 Rh8 24. Rxh8 Rxh8 25. Rf4 Rh2 26. Re4 Rh1+ 27. Kc2 Rh2 28. Kc1 Rh1+ 29. Kd2 Rh2 30. Nd4 Nc4+ 31. Kc2 Ne5 32. Kb3 Rf2 33. a4 a6 34. Ka3 Kc7 35. b4 Kb6 36. Kb3 Kc7 37. Ka3 Kb6 38. Nb3 e6 39. fxe6 fxe6 40. Nd4 exd5 41. Re3 Bxg4 42. Kb3 Bxe2 1/2-1/2

[Event "ESP-ch U16"]
[Site "Padron"]
[Date "2008.07.21"]
[Round "3"]
[White "Vila Gonzalez, Daniel"]
[Black "Perez Castellano, Susana"]
[Result "1-0"]
[WhiteElo "2039"]
[BlackElo "1857"]
[PlyCount "119"]
[EventDate "2008.07.20"]
[EventType "swiss"]
[EventRounds "9"]
[EventCountry "ESP"]
[SourceTitle "EXT 2010"]
[Source "ChessBase"]
[SourceDate "2010.11.25"]
[SourceVersion "1"]
[SourceVersionDate "2010.11.25"]
[SourceQuality "1"]

1. e4 e5 2. Nf3 Nc6 3. Bb5 Nf6 4. 0-0 Nxe4 5. d4 Nd6 6. Bxc6 dxc6 7. dxe5 Nf5 8. Qxd8+ Kxd8 9. Nc3 Ne7 10. h3 h6 11. Re1 Ng6 12. Be3 Bd7 13. Rad1 Kc8 14. Re2 Be7 15. Red2 Rd8 16. Na4 b6 17. c4 Nf8 18. c5 Kb7 19. b4 Rac8 20. Nd4 Ng6 21. f4 Be8 22. Rc1 Bd7 23. Kh1 Nh4 24. g4 h5 25. f5 hxg4 26. hxg4 Rh8 27. Kg1 g6 28. f6 Bf8 29. g5 Nf5 30. Nxf5 Bxf5 31. Rc3 Rh4 32. a3 Be6 33. Nb2 Re4 34. Kf2 Rxe5 35. Nd3 Rd5 36. Nf4 Rf5 37. Ke1 Re5 38. Nxe6 Rxe6 39. Rd7 Rce8 40. Kd2 Re5 41. Rxf7 Rd8+ 42. Kc2 Rf5 43. Rd3 Rc8 44. cxb6 axb6 45. Rdd7 c5 46. Bd2 cxb4 47. axb4 Rb5 48. Kb3 Rf5 49. Rh7 Rf3+ 50. Kc2 Rf2 51. Kd3 Kc6 52. b5+ Kxb5 53. Rxc7 Rd8+ 54. Rhd7 Rxd7+ 55. Rxd7 Bc5 56. Rg7 Rf5 57. Rxg6 Ka4 58. Rg8 b5 59. g6 Rxf6 60. Ra8+ 1-0

[Event "ESP-ch U16"]
[Site "Padron"]
[Date "2008.??.??"]
[Round "7"]
[White "Vila Gonzalez, Daniel"]
[Black "Bascunana Gonzalez, Sergio"]
[Result "0-1"]
[WhiteElo "2039"]
[BlackElo "1645"]
[PlyCount "136"]
[EventDate "2008.07.20"]
[EventType "swiss"]
[EventRounds "9"]
[EventCountry "ESP"]
[SourceTitle "EXT 2010"]
[Source "ChessBase"]
[SourceDate "2010.11.25"]
[SourceVersion "1"]
[SourceVersionDate "2010.11.25"]
[SourceQuality "1"]

1. e4 e5 2. Nf3 Nf6 3. Nxe5 d6 4. Nf3 Nxe4 5. Nc3 Nxc3 6. dxc3 Be7 7. Bd3 Nc6 8. Bf4 Be6 9. Qd2 a6 10. a4 Qd7 11. b4 Bf6 12. 0-0 0-0 13. Ng5 Bxg5 14. Bxg5 Ne5 15. Be2 Bc4 16. f4 Bxe2 17. Qxe2 Nc6 18. Rf3 Rfe8 19. Qf2 Qe6 20. Qg3 f5 21. Raf1 Qg6 22. Qf2 Qe6 23. Rh3 h6 24. Bh4 Qf7 25. Qf3 Re4 26. Bf2 Rae8 27. Rg3 Ne7 28. Bd4 Ng6 29. Qd1 R8e7 30. a5 Qe6 31. Rgf3 Re2 32. Qd3 Qe4 33. Rg3 Nxf4 34. Qxe4 R2xe4 35. Rgf3 Ne2+ 36. Kh1 Nxd4 37. cxd4 g6 38. c3 Re1 39. h3 Rxf1+ 40. Rxf1 Re3 41. Rc1 Kf7 42. Kg1 Ke6 43. Kf2 f4 44. c4 Rb3 45. Re1+ Kf7 46. Re4 g5 47. d5 Rxb4 48. Re6 Rxc4 49. Rxh6 Rc5 50. Kf3 Rxa5 51. Rh7+ Kf6 52. Rxc7 b5 53. Rb7 Ra4 54. Rb6 Ke5 55. Kg4 f3+ 56. Kxf3 Kxd5 57. Rb8 Rf4+ 58. Ke3 b4 59. Rb6 Re4+ 60. Kd3 Rd4+ 61. Ke3 Kc4 62. Rxa6 Rd3+ 63. Ke2 Rd5 64. Rc6+ Kb5 65. Rc8 b3 66. g3 Kb4 67. Rc6 b2 68. h4 b1Q 0-1

[Event "ESP-ch U16"]
[Site "Linares"]
[Date "2007.07.26"]
[Round "7"]
[White "Coll Ortega, Jordi"]
[Black "Vila Gonzalez, Daniel"]
[Result "1-0"]
[WhiteElo "2105"]
[BlackElo "2004"]
[PlyCount "113"]
[EventDate "2007.07.22"]
[EventType "swiss"]
[EventRounds "9"]
[EventCountry "ESP"]
[SourceTitle "EXT 2008"]
[Source "ChessBase"]
[SourceDate "2007.11.25"]
[SourceVersion "1"]
[SourceVersionDate "2007.11.25"]
[SourceQuality "1"]

1. c4 e5 2. g3 Nc6 3. Bg2 d6 4. Nc3 Be6 5. d3 Qd7 6. Nd5 g6 7. e4 Bg7 8. Ne2 Nd8 9. d4 c6 10. Ne3 exd4 11. Nxd4 Ne7 12. Nxe6 Nxe6 13. 0-0 0-0 14. h4 Nc5 15. Qc2 Rad8 16. Kh2 f5 17. exf5 Nxf5 18. f4 Nd4 19. Qf2 Rde8 20. Bh3 Qe7 21. Qg2 Ne4 22. Nd1 Nf5 23. Bxf5 gxf5 24. Nf2 Qf7 25. Qf3 Qxc4 26. Qd3 Qxd3 27. Nxd3 d5 28. a4 c5 29. Rd1 b6 30. Kg2 Rd8 31. Rb1 Rfe8 32. Bd2 c4 33. Nb4 d4 34. Rbc1 c3 35. bxc3 Nxc3 36. Bxc3 dxc3 37. Kf3 Rxd1 38. Rxd1 Re4 39. Nd5 Rxa4 40. Ne7+ Kf7 41. Nxf5 c2 42. Rc1 Ra2 43. Ne3 Ra3 44. Ke4 Rc3 45. Rxc2 Rxc2 46. Nxc2 Bc3 47. Kd3 Bf6 48. Kc4 Ke6 49. Ne3 Be7 50. h5 Bc5 51. Ng4 a5 52. Kb5 Kf5 53. Nh6+ Kf6 54. g4 Kg7 55. Nf5+ Kf6 56. Ng3 h6 57. Ne4+ 1-0

[Event "Pedrido Memorial"]
[Site "Vilagarcia de Arousa"]
[Date "2006.08.02"]
[Round "9"]
[White "Vila Gonzalez, Daniel"]
[Black "Cebrian Ramos, Jose Luis"]
[Result "1/2-1/2"]
[WhiteElo "1884"]
[BlackElo "2102"]
[PlyCount "87"]
[EventDate "2006.07.25"]
[EventType "swiss"]
[EventRounds "9"]
[EventCountry "ESP"]
[SourceTitle "CBM 113 Extra"]
[Source "ChessBase"]
[SourceDate "2006.09.14"]
[SourceVersion "1"]
[SourceVersionDate "2006.09.14"]
[SourceQuality "1"]

1. e4 c5 2. Nf3 d6 3. c3 Nf6 4. h3 Nc6 5. Bd3 e6 6. Bc2 Be7 7. 0-0 0-0 8. Re1 Qa5 9. d4 cxd4 10. cxd4 Rd8 11. Nc3 Nd7 12. Bb3 Nf8 13. d5 Nb8 14. e5 a6 15. Bg5 Bxg5 16. Nxg5 h6 17. dxe6 fxe6 18. Nge4 Qxe5 19. Qg4 d5 20. Ng3 Qf6 21. Rad1 Nc6 22. f4 Kh8 23. Nh5 Qf7 24. Qf3 g6 25. Ng3 b5 26. Nxd5 exd5 27. Bxd5 Rxd5 28. Qxd5 Qxd5 29. Rxd5 Bb7 30. Rd6 Rc8 31. Rc1 Kg7 32. Ne4 Ne7 33. Rxc8 Bxc8 34. Nc5 a5 35. Rb6 b4 36. Rb8 Kf7 37. Nb3 a4 38. Nc5 b3 39. axb3 axb3 40. Rxb3 Nd5 41. Rd3 Nf6 42. b4 N8d7 43. Nxd7 Bxd7 44. Kf2 1/2-1/2

[Event "Pedrido Memorial"]
[Site "Vilagarcia de Arousa"]
[Date "2006.08.01"]
[Round "8"]
[White "Vila Gonzalez, Daniel"]
[Black "Espineira Gonzalez, Pablo D"]
[Result "0-1"]
[WhiteElo "1884"]
[BlackElo "2213"]
[PlyCount "54"]
[EventDate "2006.07.25"]
[EventType "swiss"]
[EventRounds "9"]
[EventCountry "ESP"]
[SourceTitle "CBM 113 Extra"]
[Source "ChessBase"]
[SourceDate "2006.09.14"]
[SourceVersion "1"]
[SourceVersionDate "2006.09.14"]
[SourceQuality "1"]

1. e4 e5 2. Nf3 Nc6 3. Bb5 a6 4. Ba4 Bc5 5. c3 b5 6. Bb3 Nf6 7. 0-0 0-0 8. d4 Ba7 9. Nxe5 Nxe4 10. Bd5 Nf6 11. Nxc6 dxc6 12. Bxc6 Rb8 13. Bf4 Rb6 14. Bf3 Re6 15. Nd2 b4 16. Nb3 bxc3 17. bxc3 Nd5 18. Bd2 Ne7 19. Be3 Nf5 20. Qd2 Nh4 21. Bg4 Rg6 22. f3 h5 23. Bxc8 Rxg2+ 24. Qxg2 Nxg2 25. Kxg2 Qxc8 26. Rad1 Qf5 27. Rf2 h4 0-1